Encyklopedie pro diabetiky

Bibliographic Details
Main Author: Edelsberger, Tomáš, 1976- (Author)
Format: Book
Language:Czech
PhysicalDescription:319 s. ilustr. 19 cm
Published: Praha Maxdorf c2009
ISBN:9788073451899
Series:Jessenius
Subjects:

MARC

LEADER 00000nam a2200000 a 4500
001 vtls010274002
003 SK-MaSNL
005 20260302011730.0
008 240318s2009 xr a g ed 000 0 cze
020 |a 9788073451899  |q (brož.) 
040 |a SNK  |b slo  |c SNK  |e AACR2 
041 0 |a cze 
044 |a xr  |c CZ 
072 7 |a 616  |x Patológia. Klinická medicína  |2 konspekt 
080 |a 616.379-008.64  |2 2001 
080 |a 616-06  |2 2001 
080 |a (038.072)  |2 2001 
100 1 |a Edelsberger, Tomáš,  |d 1976-  |4 aut  |9 405342 
245 1 0 |a Encyklopedie pro diabetiky  |c Tomáš Edelsberger 
260 |a Praha  |b Maxdorf  |c c2009 
300 |a 319 s.  |b ilustr.  |c 19 cm 
490 1 |a Jessenius 
504 |a Obsahuje bibliogr. 
650 0 7 |a diabetes mellitus  |2 SNKPH  |9 72741 
650 0 7 |a komplikácie (medicína)  |2 SNKPH  |9 88337 
650 0 7 |a Complications of diseases  |2 SNKPHeng  |9 313944 
655 7 |a výkladové slovníky  |2 SNKPH  |9 69007 
655 7 |a Explanatory dictionaries  |2 SNKPHeng  |9 278822 
830 0 |a Jessenius  |9 315576 
919 |a 978-80-7345-189-9 
999 |c 1007198  |d 1009128 
952 |t snkEDE 616.379  |a SNKUST  |b SNKUST  |y PREZ  |7 0  |p 17A0705614  |o snkID 98573  |i snk2011/14392  |8 2  |g 12.24  |0 0  |1 0  |4 0  |d 2011-04-27  |l 0  |r 2025-04-29 00:00:00  |w 2026-02-24